Desperate measures / (Record no. 689)

MARC details
000 -LEADER
fixed length control field 01451nam a22003497a 4500
005 - DATE AND TIME OF LATEST TRANSACTION
control field 20231211142321.0
020 ## - INTERNATIONAL STANDARD BOOK NUMBER
International Standard Book Number 9781407105864
Qualifying information (pbk.)
020 ## - INTERNATIONAL STANDARD BOOK NUMBER
International Standard Book Number 1407105868
Qualifying information (pbk.)
040 ## - CATALOGING SOURCE
Original cataloging agency UKM
Language of cataloging eng
Transcribing agency UKM
Modifying agency BTCTA
-- SINLB
-- YDXCP
-- OCLCF
-- OCLCO
-- OCLCQ
-- DLC
050 00 - LIBRARY OF CONGRESS CALL NUMBER
Classification number QA99
Item number .P667 2008
082 04 - DEWEY DECIMAL CLASSIFICATION NUMBER
Classification number 510
Edition number 22
100 1# - MAIN ENTRY--PERSONAL NAME
Personal name Poskitt, Kjartan.
245 10 - TITLE STATEMENT
Title Desperate measures /
Statement of responsibility, etc. Kjartan Poskitt ; illustrated by Philip Reeve.
260 ## - PUBLICATION, DISTRIBUTION, ETC.
Place of publication, distribution, etc. London :
Name of publisher, distributor, etc. Scholastic,
Date of publication, distribution, etc. 2008.
300 ## - PHYSICAL DESCRIPTION
Extent 176 pages :
Other physical details illustrations ;
Dimensions 20 cm.
490 1# - SERIES STATEMENT
Series statement Murderous maths
500 ## - GENERAL NOTE
General note Originally published: 2000.
505 ## - FORMATTED CONTENTS NOTE
Formatted contents note U <br/>
520 ## - SUMMARY, ETC.
Summary, etc. Find out about how maths could help you rescue someone in deadly peril, how not to shoot yourself with a cannon, and meet famous mathematicians who were really hard. And watch out for One Finger Jimmy, Chainsaw Charlie and their gangster friends, who are living proof that maths can be murderous.
521 ## - TARGET AUDIENCE NOTE
Target audience note 1000 <br/>
Source Lexile <br/>
521 ## - TARGET AUDIENCE NOTE
Target audience note U <br/>
Source Raz-Plus
650 #0 - SUBJECT ADDED ENTRY--TOPICAL TERM
Topical term or geographic name entry element Mathematics
Form subdivision Miscellanea
-- Juvenile literature.
650 #0 - SUBJECT ADDED ENTRY--TOPICAL TERM
Topical term or geographic name entry element Mathematics
Form subdivision Juvenile humor.
650 #7 - SUBJECT ADDED ENTRY--TOPICAL TERM
Topical term or geographic name entry element Mathematics.
Source of heading or term fast
Authority record control number or standard number (OCoLC)fst01012163
655 #7 - INDEX TERM--GENRE/FORM
Genre/form data or focus term Humor.
Source of term fast
Authority record control number or standard number (OCoLC)fst01423696
655 #7 - INDEX TERM--GENRE/FORM
Genre/form data or focus term Juvenile works.
Source of term fast
Authority record control number or standard number (OCoLC)fst01411637
655 #7 - INDEX TERM--GENRE/FORM
Genre/form data or focus term Miscellanea.
Source of term fast
Authority record control number or standard number (OCoLC)fst01423854
700 1# - ADDED ENTRY--PERSONAL NAME
Personal name Reeve, Philip.
Titles and other words associated with a name illustrator.
906 ## - LOCAL DATA ELEMENT F, LDF (RLIN)
a 7
b cbc
c copycat
d 2
e ncip
f 20
g y-gencatlg
942 ## - ADDED ENTRY ELEMENTS (KOHA)
Source of classification or shelving scheme Dewey Decimal Classification
Koha item type Books
Suppress in OPAC No
999 ## -
-- 689
-- 689
Holdings
Withdrawn status Lost status Source of classification or shelving scheme Damaged status Not for loan Collection Home library Current library Shelving location Date acquired Total Checkouts Full call number Barcode Date last seen Price effective from Koha item type Copy number
    Dewey Decimal Classification     Non-Fiction Footprints International School Library Network Toul Kork Campus Footprints International School Library Network Toul Kork Campus   06/30/2023   POS 510 QA99.P67 FISTK03917 06/30/2023 06/30/2023 Books  
    Dewey Decimal Classification     Non-Fiction Footprints International School Library Network Toul Tom Poung Campus Footprints International School Library Network Toul Tom Poung Campus   10/14/2025   POS 510 QA99.P67 2025-4581 10/14/2025 10/14/2025 Books 2